000 01012nam a22003617a 4500
001 BR7301722
003 BR-BrBNA
005 20230928083906.0
007 ta
008 230509b bl.||||| |||| 00| 0 por d
040 _aBR-BrBNA
_bpor
_cBiblioteca Nacional de Agricultura
041 _a(Por)
072 _aF00
_b0150
090 _ 0150 BR7301722
100 1 _aBrandao, S.S.
110 1 _aUniversidade Federal de Vicosa, MG (Brasil)
245 1 _aCultura do arroz [pratica cultural, plantio, valor nutritivo, adubacao]
260 3 _aVicosa, MG (Brasil):
_bImprensa Universitaria,
_c1972.
300 _a194 p.
500 _a39 tables; Bibliography p. 173-182 (122 ref.)
650 _aARROZ
650 _aVALOR NUTRITIVO
650 _aPRATICA CULTURAL
650 _aGERMINACAO
650 _aCRESCIMENTO
650 _aPLANTIO
650 _aADUBACAO
650 _aCOLHEITA
650 _aARMAZENAMENTO
650 _aBENEFICIAMENTO
909 _a202309
_bLucia
_c55
_dLucia Elande
942 _cBK
999 _c15709
_d15709